Ciąg Fibonacciego — 20 liczb - Statystyki

Ogólne statystyki
  • Ten quiz został rozwiązany 21 razy
  • Średni wynik to 18 z 20
Statystyki odpowiedzi
Nr liczby Liczba % Poprawnych
1 1
100%
2 1
100%
7 13
95%
12 144
95%
3 2
95%
8 21
95%
4 3
95%
9 34
95%
5 5
95%
10 55
95%
6 8
95%
11 89
95%
17 1 597
89%
13 233
89%
14 377
89%
15 610
89%
16 987
89%
18 2 584
79%
19 4 181
74%
20 6 765
68%
Nie znaleziono quizów pasujących do podanych kryteriów
Rozkład punktacji
Procent ludzi z każdym wynikiem
Percentyl według liczby udzielonych odpowiedzi
Twoja historia wyników
Nie rozwiązałeś tego quizu